000 00509nam a2200181 a 4500
001 000026985
005 20200930030529.0
008 110328s1983 dr ac 000 0 spa d
040 _aDO-SdBNP
_bspa
_cBNPHU
100 1 _aArias, Rafael
_954085
245 1 0 _aIn memoriam :
_ba Marcelino Vega /
_cRafael Arias, Alfredo Arias.
260 _aSanto Domingo :
_bImprenta Paz,
_c1983.
300 _a71 p. ;
_c14 cm.
490 1 _aEduca
700 1 _aArias, Alfredo
_954086
830 0 _aEduca
_954087
049 _aBNPD
999 _c26477
_d26477